Films de Noël par leur titre en anglais - Statistiques

Statistiques générales
  • Ce quiz a été pris 63 fois
  • Le résultat moyen est 6 sur 15
Statistiques - réponses
Titre en anglais Titre en français % Correct
Home Alone Maman, j'ai raté l'avion !
93%
How the Grinch Stole Christmas Le Grinch
88%
Edward Scissorhands Edward aux mains d'argent
63%
The Polar Express Le Pôle express
59%
Die Hard Piège de cristal
52%
The Nightmare Before Christmas L'Étrange Noël de monsieur Jack
48%
Elf Elfe
45%
The Christmas Chronicles Les Chroniques de Noël
36%
It's a Wonderful Life La vie est belle
34%
A Christmas Carol Le Drôle de Noël de Scrooge
16%
Miracle on 34th Street Le Miracle de la 34ᵉ rue
11%
The Santa Clause Super Noël
11%
The Family Stone Esprit de famille
7%
National Lampoon's Christmas Vacation Le sapin a les boules
5%
A Charlie Brown Christmas Joyeux Noël, Charlie Brown !
2%
Aucun quiz correspondant
Distribution des résultats
% des personnes avec chaque résultat
Percentile par nombre de réponses
Votre historique - résultats
Vous n’avez pas pris ce quiz